000 00380nam a2200145 4500
999 _c508963
_d508963
008 190416b ||||| |||| 00| 0 eng d
100 _aRavibabu, M.V.
_94496
245 _aRenewable energy adoption for rural areas
260 _c2018
300 _ap.53-56.
700 _aFrance, Sainu
_94497
773 _aKurukshetra
906 _aRenewable energy sources
942 _2ddc
_cAR